František Hrubín : z archivních fondů /

Hlavní autor: Málková, Iva, 1962-
Jazyk: Čeština
Vydáno: Brno : Ostrava : Host ;Ostravská univerzita v Ostravě, Filozofická fakulta, 2011
Vydání: Vyd. 1.
Témata:
Fyzický popis: 334 s. : faksim. ; 21 cm
Knihy
Uloženo v:
LEADER 02318nam a2200613 a 4500
001 nkc20122392365
003 CZ PrNK
005 20130507095230.0
007 ta
008 120822s2011 xr h f 001 0dcze
015 |a cnb002392365 
020 |a 978-80-7368-971-1  |q (Ostravská univerzita :  |q brož.) 
020 |a 978-80-7294-620-4  |q (Host :  |q brož.) :  |c Kč 299,00 
035 |a (OCoLC)817048952 
040 |a OLA001  |b cze  |d ABA001 
043 |a e-xr--- 
045 |a x0x7 
072 7 |a 821.162.3.09  |x Česká literatura (o ní)  |2 Konspekt  |9 11 
072 7 |a 929  |x Biografie  |2 Konspekt  |9 8 
080 |a 821.162.3-051  |2 MRF 
080 |a 929  |2 MRF 
080 |a 821.162.3  |2 MRF 
080 |a 82.07  |2 MRF 
080 |a 82-027.22  |2 MRF 
080 |a 82:930.253  |2 MRF 
080 |a (437.3)  |2 MRF 
080 |a (048.8)  |2 MRF 
100 1 |a Málková, Iva,  |d 1962-  |7 xx0001449  |4 aut 
245 1 0 |a František Hrubín :  |b z archivních fondů /  |c Iva Málková 
246 3 |a František Hrubín - z archivních fondů 
250 |a Vyd. 1. 
260 |a Brno :  |b Host ;  |a Ostrava :  |b Ostravská univerzita v Ostravě, Filozofická fakulta,  |c 2011 
300 |a 334 s. :  |b faksim. ;  |c 21 cm 
504 |a Obsahuje bibliografii, bibliografické odkazy a rejstřík 
600 1 7 |a Hrubín, František,  |d 1910-1971  |7 jk01042920  |2 czenas 
648 4 |a 1910-1971 
648 7 |a 20. století  |7 ch460558  |2 czenas 
650 0 7 |a čeští spisovatelé  |7 ph128175  |y 20. stol.  |2 czenas 
650 0 7 |a česká literatura  |7 ph116858  |y 20. stol.  |2 czenas 
650 0 7 |a interpretace a přijetí literárního díla  |7 ph137145  |2 czenas 
650 0 7 |a literární život  |7 ph122405  |z Česko  |y 20. stol.  |2 czenas 
650 0 7 |a literární pozůstalost  |7 ph119300  |z Česko  |2 czenas 
650 0 9 |a Czech authors  |y 20th century  |2 eczenas 
650 0 9 |a Czech literature  |y 20th century  |2 eczenas 
650 0 9 |a interpretation and reception of literature  |2 eczenas 
650 0 9 |a literary life  |z Czechia  |y 20th century  |2 eczenas 
650 0 9 |a literary remains  |z Czechia  |2 eczenas 
655 7 |a monografie  |7 fd132842  |2 czenas 
655 9 |a monographs  |2 eczenas 
910 2 |a BOA001  |b 2-1293.068 
990 |a BK 
995 |a 01 
991 |b 201210  |c NOV  |e n 
996 6 |b 2610525262  |c 2-1293.068  |l MZK  |r Sklad / do 1 hodiny  |n 14  |p p.v.  |w 001290315  |u 000010  |a 1  |e BOA001  |j MZK50  |s P